书目信息 |
| 题名: |
贾谊评传
|
|
| 作者: | 王兴国 著 | |
| 分册: | 下 | |
| 出版信息: | 南京 南京大学出版社 2011.4 |
|
| 页数: | 244-498页 | |
| 开本: | 23cm | |
| 丛书名: | 中国思想家评传丛书 | |
| 单 册: | ||
| 中图分类: | B234.25 | |
| 科图分类: | ||
| 主题词: | ||
| 电子资源: | ||
| ISBN: | 978-7-305-05904-9 | |
| 000 | 00956oam2 2200265 45 | |
| 001 | 515 | |
| 005 | 20120531152309.92 | |
| 010 | @a978-7-305-05904-9@dCNY32.00(两册64.00) | |
| 100 | @a20120328d2011 em y0chiy50 ea | |
| 101 | 0 | @achi@deng@eeng |
| 102 | @aCN@b320000 | |
| 105 | @ay z 001yb | |
| 106 | @ar | |
| 200 | 1 | @a贾谊评传@AJia Yi Ping Chuan@h下@HXia@f王兴国著@FWang Xing Guo Zhu |
| 210 | @a南京@c南京大学出版社@d2011.4 | |
| 215 | @a244-498页@d23cm | |
| 225 | 2 | @a中国思想家评传丛书@e典藏版 |
| 330 | @a本书在充分占有原始资料并认真分析前人及时人对贾谊研究成果的基础上,对其生平事迹及著作真伪、写作年月进行了比较详尽的考辨,对其政治、经济、哲学、伦理等方面的思想,进行了比较全面的探索。 | |
| 461 | 0 | @12001 @a中国思想家评传丛书 |
| 600 | 0 | @a贾谊@f(前200-前168)@x评传 |
| 600 | 0 | @a贾谊@f(前200-前168) |
| 690 | @aB234.25@v4 | |
| 701 | 0 | @a王兴国@AWang Xing Guo@4著 |
| 801 | 0 | @aCN@bTSTCL@c20120328 |
| 905 | @b0814940-42@dB234.25@e36:2@f3 | |
| 贾谊评传.下/王兴国著.-南京:南京大学出版社,2011.4 |
| 244-498页;23cm.-(中国思想家评传丛书:典藏版) |
| ISBN 978-7-305-05904-9:CNY32.00(两册64.00) |
| 本书在充分占有原始资料并认真分析前人及时人对贾谊研究成果的基础上,对其生平事迹及著作真伪、写作年月进行了比较详尽的考辨,对其政治、经济、哲学、伦理等方面的思想,进行了比较全面的探索。 |
| ● |
| 相关链接 |
|
|
|
|
正题名:贾谊评传
索取号:B234.25/36:2
 
预约/预借
| 序号 | 登录号 | 条形码 | 馆藏地/架位号 | 状态 | 备注 |
| 1 | 0814940 | 208149403 | 第一样本阅览室/ [索取号:B234.25/36:2] | 在馆 | |
| 2 | 0814941 | 208149412 | 第一借阅区/ [索取号:B234.25/36:2] | 在馆 | |
| 3 | 0814942 | 208149421 | 第一借阅区/ [索取号:B234.25/36:2] | 在馆 |